| 000 | 01501nam a22002537a 4500 | ||
|---|---|---|---|
| 005 | 20220927162654.0 | ||
| 008 | 220927b ||||| |||| 00| 0 eng d | ||
| 020 | _a9789386432650 | ||
| 040 | _cAL | ||
| 041 | _aEnglish | ||
| 082 |
_223 _a305.420 _bDASS |
||
| 100 |
_aRohit K Dasgupta and others _958571 |
||
| 245 | _aSocial Media Sexuality and Sexual Health advocacy in Kolkata India:A Working Report | ||
| 260 |
_aNew Delhi _bBloomsbury Publishing India Pvt Ltd _c2017 |
||
| 300 |
_aix,130 p. _bPB _c21x14 cm. |
||
| 365 |
_a4177 _b₹319.00 _c₹ _d₹399.00 _e20% _f12/09/2022 |
||
| 520 | _aThis study explores emerging digital platforms in India and examines the challenges and opportunities of using these platforms for sexual health advocacy amongst gay men, other MSM and trans* women in Kolkata. This working report identifies and reports on the uses of social media, mobile media and other digital platforms, and the experiences of using them for developing advocacy and support campaigns. Table of Contents Introduction Chapter 1: Sexuality, and Digital Queer India Chapter 2: Sexual Health and Men Who have Sex with Men/Trans* Outreach in Kolkata Chapter 3: Digital Media and Sexual Health Chapter 4: Research Schema Chapter 5: Key Findings Chapter 6: Ways Forward Conclusion | ||
| 650 |
_aSocial Media _958563 |
||
| 650 |
_aSexuality _958564 |
||
| 650 |
_asexual health _958565 |
||
| 700 |
_aDASGUPTA (Rohit K) _958566 |
||
| 700 |
_aDHALL (Pawan) _958567 |
||
| 942 |
_2ddc _cBK |
||
| 999 |
_c224669 _d224669 |
||